000
00199nam a22001097a 4500
041
_a
eng
080
_a
80
100
_a
Paxton, N.
245
_a
Zielpunkt Deutsch
650
_a
German
999
_c
281813
_d
281813
942
_c
BK